| 000 | 006450000a22001090004500 | ||
|---|---|---|---|
| 100 | 1 | _aGonzález A, Juan Carlos | |
| 245 | 1 | 0 | _aíEspectadores al borde de un ataque de nervios! |
| 300 | _aVol.0, núm.22 (Julio, 2007), Páginas 14-15 | ||
| 520 | _a¿Qué pasa con la cartelera en Colombia? ¿Por qué el público parece condenado a ver lo que se exhibe en Hollywood y nada más? ¿Hay opciones distintas a lo que se muestra? ¿Es verdad que en las otras ciudades puede verse el mismo cine que en Bogotá? En vacaciones, la cartelera parece dejar al público con pocas opciones. | ||
| 773 | 0 | _tArcadia / Andrés Felipe Solano, Editor | |
| 942 | _cANA | ||
| 999 |
_c62270 _d62270 |
||